New technology, a Gandhian concept (Record no. 356224)

000 -LEADER
fixed length control field 00447cam a22001457a 4500
008 - FIXED-LENGTH DATA ELEMENTS--GENERAL INFORMATION
fixed length control field 180718b1975 xxu||||| |||| 00| 0 eng d
082 ## - DEWEY DECIMAL CLASSIFICATION NUMBER
Classification number T000x54 V579
100 ## - MAIN ENTRY--PERSONAL NAME
Personal name Vepa, Ram K.
245 ## - TITLE STATEMENT
Title New technology, a Gandhian concept
Statement of responsibility, etc. by Ram K. Vepa
260 ## - PUBLICATION, DISTRIBUTION, ETC.
Place of publication, distribution, etc. New Delhi
Name of publisher, distributor, etc. Gandhi Book House
Date of publication, distribution, etc. 1975
300 ## - PHYSICAL DESCRIPTION
Extent 375p.
650 ## - SUBJECT ADDED ENTRY--TOPICAL TERM
Topical term or geographic name entry element Technology - India
650 ## - SUBJECT ADDED ENTRY--TOPICAL TERM
Topical term or geographic name entry element Gandhi, M.K. - Criticism and interpretation
650 ## - SUBJECT ADDED ENTRY--TOPICAL TERM
Topical term or geographic name entry element Economic development - India
Holdings
Withdrawn status Lost status Damaged status Not for loan Permanent Location Current Location Date acquired Full call number Barcode Date last seen Price effective from Koha item type
        Indian Institute of Public Administration Indian Institute of Public Administration 1994-01-03 T000x54 V579 50538 2018-07-21 2018-07-21 Book

Powered by Koha